| 000 | 00640nac a22001571u 4500 | ||
|---|---|---|---|
| 008 | 100721s xxu|||||r|||| 001 0 ara d | ||
| 082 |
_a259 _bي ع ق _222 |
||
| 100 |
_aاليعقوبي، محمد بن أحمد مسكة بن العتيق _916578 |
||
| 245 |
_a/ فتاوي ابن تيمية في الميزان _cتأليف محمد بن أحمد مسكة بن العتيق اليعقوبي |
||
| 260 |
_a[د.م] : _b[د.ن]، 2000 _c2000 |
||
| 300 |
_a489 ؛ ص _c24 سم |
||
| 511 | _aCatalogued by: Sara | ||
| 541 |
_aألف باء ؛ _cشراء ؛ |
||
| 650 |
_aالفتاوى الشرعية _916851 |
||
| 942 |
_cBB _k259 ي ع ق _2ddc |
||
| 999 |
_c7215 _d7215 |
||